Al frente de la organización Estrategia y táctica (Registro nro. 16851)
[ vista simple ]
| 000 -ENCABEZADO | |
|---|---|
| Número de control [NR] | 00996nam a2200265Ia 4500 |
| 008 - DE LONGITUD FIJA DE DATOS DE ELEMENTOS - INFORMACIÓN GENERAL | |
| Elementos de longitud fija [NR] | 130821s1990 sp gr spa |
| 020 ## - NUMERO INTERNACIONAL NORMALIZADO PARA LIBROS [R] | |
| Número Internacional Normalizado del libro [NR] | 847509631X |
| 040 ## - FUENTE DE CATALOGACION [NR] | |
| Agencia de catalogación original [NR] | Co-BoUCM |
| Idioma de catalogación [NR] | spa |
| 041 ## - CODIGO DE IDIOMA [R] | |
| Código de idioma para texto/pista de sonido o título separado [R] | Español |
| 245 ## - MENCION DE TITULO [NR] | |
| Título [NR] | Al frente de la organización Estrategia y táctica |
| Mención de responsabilidad, etc. [NR] | Mara Selvini Palazzoli, [et al] ; Traducción de Beatriz E. Anastasi de Lorne |
| 260 ## - PUBLICACION, DISTRIBUCION, ETC. (PIE DE IMPRENTA) [R] | |
| Lugar de publicación, distribución, etc. [R] | Barcelona (España) |
| Nombre del editor, distribuidor, etc. [R] | Paidós |
| Fecha de publicación, distribución, etc. [R] | 1990 |
| 300 ## - DESCRIPCION FISICA [R] | |
| Extensión [R] | 270 páginas |
| 490 ## - MENCION DE SERIE [R] | |
| Mención de serie [R] | Grupos e Instituciones, 14 |
| 500 ## - NOTA GENERAL [R] | |
| Nota general [NR] | Título original : Sul fronte dell organizzazione. Strategie e tattiche |
| 650 04 - ASIENTO SECUNDARIO DE MATERIA - TERMINO TEMATICO [R] | |
| Término temático o nombre geográfico como elemento de entrada [NR] | Aspectos psicológicos |
| 9 (RLIN) | 9681 |
| 650 04 - ASIENTO SECUNDARIO DE MATERIA - TERMINO TEMATICO [R] | |
| Término temático o nombre geográfico como elemento de entrada [NR] | Organización industrial |
| 9 (RLIN) | 20855 |
| 650 04 - ASIENTO SECUNDARIO DE MATERIA - TERMINO TEMATICO [R] | |
| Término temático o nombre geográfico como elemento de entrada [NR] | Organización |
| 9 (RLIN) | 20847 |
| 650 04 - ASIENTO SECUNDARIO DE MATERIA - TERMINO TEMATICO [R] | |
| Término temático o nombre geográfico como elemento de entrada [NR] | Organización |
| Subdivisión general [R] | Aspectos psicológicos |
| 9 (RLIN) | 20847 |
| 700 ## - ASIENTO SECUNDARIO - NOMBRE PERSONAL [R] | |
| Nombre personal [NR] | Anolli, Luigi |
| 9 (RLIN) | 156131 |
| 700 ## - ASIENTO SECUNDARIO - NOMBRE PERSONAL [R] | |
| Nombre personal [NR] | Giossi, Lucia |
| 9 (RLIN) | 156132 |
| 700 ## - ASIENTO SECUNDARIO - NOMBRE PERSONAL [R] | |
| Nombre personal [NR] | Lorne, Anastasi De |
| Término de relación [R] | |
| 9 (RLIN) | 156133 |
| 700 ## - ASIENTO SECUNDARIO - NOMBRE PERSONAL [R] | |
| Nombre personal [NR] | Ugazio, Valeria |
| 9 (RLIN) | 131113 |
| 942 ## - ELEMENTOS DE ENTRADA AGREGADOS (KOHA) | |
| Tipo de ítem principal el descrito en 300a | Libro |
| Tema principal | Administración |
| Edición | 1 |
| Parte restante de la signatura top. | A53A |
| Sistema de clasificación | DEWEY |
| Clasificación | 658.1 |
| Fecha de último préstamo | Total préstamos | Signatura topográfica | Código de barras | Última vez visto | Ejemplar | Price effective from | Tipo de ítem | Perdido | Sistema de clasificación | Dañado | No prestable | Tipo de ítem específico | Suprimido | Ubicación habitual | Ubicación actual | Localización | Fecha de creación | Forma de adquisición | Costo |
|---|---|---|---|---|---|---|---|---|---|---|---|---|---|---|---|---|---|---|---|
| 04/05/2024 | 2 | 658.1 A53A | 100036753 | 04/12/2025 | Ej.1 | 03/02/2013 | Libro | DEWEY | Libro | Claustro | Claustro | 4to piso | 28/02/2003 | Compra | 33500.00 |